| 000 | 00393pab a2200169 454500 | ||
|---|---|---|---|
| 008 | 180718b2011 xxu||||| |||| 00| 0 eng d | ||
| 100 | _aSaiz, Albert | ||
| 245 | _aImmigration and the neighborhood | ||
| 260 | _c2011 | ||
| 300 | _ap.169-188. | ||
| 362 | _aMay | ||
| 650 | _aImmigration | ||
| 700 | _aWachter, Susan | ||
| 773 | _aAmerican Economic Review | ||
| 908 | _aN | ||
| 909 | _a92400 | ||
| 999 |
_c92400 _d92400 |
||